| 000 | 00706nam a2200229 a 4500 | ||
|---|---|---|---|
| 001 | 0397 | ||
| 005 | 20140414132039.0 | ||
| 008 | 040913s19uu xx 00 eng d | ||
| 020 | _a0-439-06365-5 | ||
| 050 |
_aTR _bY8 1997 |
||
| 100 | _aLucado, Max | ||
| 245 |
_aYou are special / _cMax Lucado ; illustrations by Sergio Martinez. |
||
| 260 |
_aNew York : _bScholastic, _c1997. |
||
| 300 | _a31 p. : ill. ; cm. | ||
| 520 | _aEli the woodcarver helps Punchinello understand how special he is -no matter what other Wemmicks may think. | ||
| 526 | _aGrade 2 | ||
| 650 |
_aAcceptance _xFiction. |
||
| 650 |
_aConfidence _xFiction. |
||
| 650 | _aChildren stories. | ||
| 999 |
_c113793 _d113793 |
||